[Event "Chambery op 14th"]
[Site "Chambery"]
[Date "2008.08.04"]
[Round "3"]
[White "Aubert, Laurane"]
[Black "Gentina, Romain"]
[Result "0-1"]
[WhiteElo "1080"]
[BlackElo "1490"]
[PlyCount "68"]
[EventDate "2008.08.04"]
[EventType "swiss"]
[EventRounds "9"]
[EventCountry "FRA"]
[SourceTitle "EXT 2009"]
[Source "ChessBase"]
[SourceDate "2008.11.26"]
[SourceVersion "1"]
[SourceVersionDate "2008.11.26"]
[SourceQuality "1"]

1. e4 c5 2. Bc4 g6 3. Nf3 e6 4. b3 Bg7 5. Nc3 Ne7 6. 0-0 0-0 7. Ba3 b6 8. h3 Bb7 9. Bb2 Nbc6 10. d3 a6 11. Qd2 b5 12. Bxb5 axb5 13. Nxb5 Bxb2 14. Rab1 Bg7 15. a4 Ba6 16. Nd6 Qb8 17. Nc4 Qc7 18. Qe2 Bxc4 19. dxc4 f5 20. exf5 Nxf5 21. Qd2 Ncd4 22. Nxd4 Nxd4 23. c3 Nf5 24. Rfe1 Qa5 25. Qxd7 Qxc3 26. Red1 Nd4 27. Rdc1 Ne2+ 28. Kf1 Nxc1 29. Qxe6+ Kh8 30. Qc6 Qd4 31. f3 Nd3 32. Ke2 Rae8+ 33. Kd2 Nb4+ 34. Kc1 Re1# 0-1